| 000 | 00822cab a2200289 4500 | ||
|---|---|---|---|
| 001 | ABS50319 | ||
| 008 | 090401t1994 xxu||||| |||| 00| 0 eng d | ||
| 035 | _a(Sirsi) u75277 | ||
| 041 | _aeng | ||
| 100 | _aRobb, G.A. | ||
| 245 | _aEnvironmental consequence of coal mine closure | ||
| 260 | _c1994 | ||
| 350 | _a0 | ||
| 490 |
_aGeographical Journal _v160(1) March 1994, 33-40(8) |
||
| 520 | _aHighlights potential environmental problems which may result from abandoned coal mine workings. | ||
| 650 | _aABANDONED MINE WORKINGS | ||
| 650 | _aCOAL MINES | ||
| 650 | _aDISCHARGES | ||
| 650 | _aFLOWERS REPORT | ||
| 650 | _aGROUNDWATER | ||
| 650 | _aMINEWATER | ||
| 650 | _aPUMPING | ||
| 650 | _aTOWN AND COUNTRY PLANNING ACT 1971 | ||
| 690 | _aMINING AND MINERALS | ||
| 942 | _n0 | ||
| 948 | _c04/03/1997 | ||
| 999 |
_c47422 _d47422 |
||